Figyelö (Record no. 6398)

MARC details
000 -LEADER
fixed length control field 00345nas a22001697i 4500
001 - CONTROL NUMBER
control field 7517
003 - CONTROL NUMBER IDENTIFIER
control field OSt
005 - DATE AND TIME OF LATEST TRANSACTION
control field 20170126082401.0
007 - PHYSICAL DESCRIPTION FIXED FIELD--GENERAL INFORMATION
fixed length control field tu
008 - FIXED-LENGTH DATA ELEMENTS--GENERAL INFORMATION
fixed length control field 161220s2007 xxu||||| |||| 00| 0 d
024 7# - OTHER STANDARD IDENTIFIER
Standard number or code 7517
Source of number or code RID
024 7# - OTHER STANDARD IDENTIFIER
Standard number or code 7517
Source of number or code RSN (alt)
040 ## - CATALOGING SOURCE
Transcribing agency OSt
245 00 - TITLE STATEMENT
Title Figyelö
260 ## - PUBLICATION, DISTRIBUTION, ETC.
Place of publication, distribution, etc. Budapest,
Date of publication, distribution, etc. 2007-.
856 ## - ELECTRONIC LOCATION AND ACCESS
Uniform Resource Identifier <a href="http://www.fn.hu/">http://www.fn.hu/</a>
942 ## - ADDED ENTRY ELEMENTS (KOHA)
Koha item type Journal
Holdings
Withdrawn status Lost status Damaged status Not for loan Home library Current library Shelving location Date acquired Serial Enumeration / chronology Inventory number Total Checkouts Barcode Date last seen Price effective from Koha item type
        WIIW WIIW Library 01/22/2015 2015,3 7517   10006154 01/26/2017 01/26/2017 Journal
The Vienna Instiute for International Economic Studies (wiiw)